000
00315nam a2200133Ia 4500
005
20251222144741.0
008
251222s9999||||xx |||||||||||||| ||spa||
020
_a
987-1138-24-5
082
_a
869.335/N44N
100
_a
Neruda, Pablo
245
0
_a
Nuevas Odas Elementales:
264
_b
De Bolsillo
942
_c
LIB
999
_c
18981
_d
18981